Bilecik Bilecik Bilecik Bilecik Bilecik

Katma değer yaratmaya dayalı finansal performans ölçütü olarak EVA (Economic Value Added) İMKB şirketleri üzerine bir uygulama/ (Record no. 7109)

MARC details
000 -BAŞLIK
Sabit Uzunluktaki Kontrol Alanı 04165nam a22003737a 4500
001 - KONTROL NUMARASI
Control Dosyası 0007128
003 - KONTROL NUMARASI KİMLİĞİ
Kontrol Alanı KOHA_MİRAKIL
005 - EN SON İŞLEM TARİHİ ve ZAMANI
Kontrol Alanı 20260207001546.0
007 - FİZİKSEL TANIM SABİT ALAN - GENEL BİLGİ
Sabit uzunluklu kontrol alanı ta
008 - SABİT UZUNLUKTAKİ VERİ ÖGELERİ - GENEL BİLGİ
Sabit Alan 180125b2005 tu |||gr||||#||||0|tur |
020 ## - ISBN - ULUSLARARASI STANDART KİTAP NUMARASI
Isbn 9756951893
Kullanılabilirlik koşulları 0,01
040 ## - KATALOGLAMA KAYNAĞI
Özgün Kataloglama Kurumu TR-BiSEU
Kataloglama Dili tur
Çeviri Kurumu TR-BiSEU
Açıklama Kuralları rda
041 0# - DİL KODU
Metin ya da ses kaydının dil kodu tur
044 ## - YAYINLAYAN/ÜRETEN KURULUŞUN ÜLKE KODU
ISO country code tu
050 ## - SINIFLAMA ve YER NUMARASI
Sınıflama Numarası HG4028.V3
Yer Numarası K37 2005
100 1# - KİŞİ ADI
Yazar Adı (Kişi adı) Kara, Hatice.
245 1# - ESER ADI BİLDİRİMİ
Başlık Katma değer yaratmaya dayalı finansal performans ölçütü olarak EVA (Economic Value Added) İMKB şirketleri üzerine bir uygulama/
Sorumluluk Bildirimi Hatice Kara ; Hatice Kara.
264 #1 - ÜRERİM, YAYIN, DAĞITIM ve TELİF BİLDİRİMİ
Yayın yeri Ankara :
Yayınlayan Sermaye Piyasası Kurulu
Yayın tarihi 2005
300 ## - FİZİKSEL TANIMLAMA
Sayfa, Cilt vb. 234 sayfa: tablo; 25 cm.
336 ## - İÇERİK TÜRÜ
Content type term metin
Content type code txt
Source rdacontent
337 ## - MEDYA TÜRÜ
Media type term aracısız
Media type code n
Source rdamedia
338 ## - TAŞIYICI TÜRÜ
Carrier type term cilt
Carrier type code nc
Source rdacarrier
490 1# - DİZİ BİLDİRİMİ
Dizi Bildirimi Sermaye Piyasası Kurulu ;
Cilt Numarası yayın no.
490 1# - DİZİ BİLDİRİMİ
Dizi Bildirimi 184.
500 ## - GENEL NOT
Genel Not Kaynakça var.
505 ## - İÇİNDEKİLER NOTU
İçindekiler Notu İÇİNDEKİLER
650 #0 - KONU BAŞLIĞI EK GİRİŞ - KONU TERİMİ
Konusal terim veya coğrafi ad Ekonomik katma değer.
9 (RLIN) 17607
650 #0 - KONU BAŞLIĞI EK GİRİŞ - KONU TERİMİ
Konusal terim veya coğrafi ad Performans--Ölçme.
9 (RLIN) 17608
650 #0 - KONU BAŞLIĞI EK GİRİŞ - KONU TERİMİ
Konusal terim veya coğrafi ad Economic value added.
9 (RLIN) 17609
650 #0 - KONU BAŞLIĞI EK GİRİŞ - KONU TERİMİ
Konusal terim veya coğrafi ad Performance--Measurement.
9 (RLIN) 17610
830 1# - SERİ EK GİRİŞİ - TEKBİÇİM ESER ADI
Tekbiçim Başlık Sermaye Piyasası Kurulu ;
Volume number/sequential designation yayın no.
9 (RLIN) 5703
830 1# - SERİ EK GİRİŞİ - TEKBİÇİM ESER ADI
Tekbiçim Başlık 184.
9 (RLIN) 7005
942 ## - EK GİRİŞ ÖGELERİ (KOHA)
Source of classification or shelving scheme Library of Congress Classification
Koha item type Book
505 ## - İÇİNDEKİLER NOTU
-- ÖZET III
-- SUMMARY IV
-- İÇİNDEKİLER V
-- TABLOLAR VIII
-- GRAFİKLER X
-- KISALTMALAR XI
-- GİRİŞ 1
-- I. BÖLÜM
-- EVA DEVRİMİ
-- 1.1. EVA Kavramı 5
-- 1.2. EVA'mn Tanımı 8
-- 1.3. EVA'nm Piyasa Katma Değeri (MVA) ve Piyasa Değeri (MV) ile İlişkisi 12
-- 1.4. EVA'nm Geleneksel Performans Ölçütleri ile İlişkisi 15
-- 1.5. EVA Hakkında Bilinen Yanlışlar 22
-- II. BÖLÜM
-- FİNANS TEORİSİ İÇİNDE EVA'nın YERİ
-- 2.1. Neoklasik Servet Modelinin Temel İlkeleri 40
-- 2.2. Sürekli Büyüme Modelinde EVA ve MVA 48
-- III. BÖLÜM
-- EVA'nın HESAPLANMASI
-- 3.1. Kaldıraçtı ve Kaldıraçsız Şirketlerin Piyasa Değeri 54
-- 3.2. EV A' mn Hesaplanması 55
-- 3.3. Sermaye Maliyeti 58
-- 3.4. Özsermaye Maliyeti 60
-- 3.5. Eva Girdilerini Birleştirme 61
-- 3.6. Kaldıraçh ve Kaldıraçsız Şirketlerde EVA 62
-- 3.7. Kaldıraçh Vergiler ve Vergi Avantajları 64
-- 3.8. CAPM Anomalilerinin (Anormalliklerinin) EVA'ya Etkileri 66
-- IV. BÖLÜM
-- EVA ile ŞİRKET DEĞERLEME ve PORTFÖY YÖNETİMİ
-- 4.1. EVA ile Şirket Değerleme 69
-- 4.1.1. Şirket Değerlemesinde EVA Yaklaşımı 70
-- 4.1.2. Sürekli Büyümekte Olan EVA Modeli 71
-- 4.1.3. Değişken Olarak Büyüyen EVA Modeli 72
-- 4.1.4. Klasik NPV Modeli île Değerleme Arasındaki İlişkiler 75
-- 4.1.5. EVA ve Şirket Değerleme Hakkında Gelişmiş Görüşler 78
-- 4.1.5.1. Şirket Değerlemede Serbest Nakit Akımı Yaklaşımı (FCF) 78
-- 4.1.5.2. Şirket Değerlemede Yatırım Fırsatları Yaklaşımı (1OAV) 79
-- 4.1.5.3. Bugünkü Değer Kavramı İle İlişkisi Açısından 10AV ve EVA 8!
-- 4.2. Portföy Yönetiminde EVA İle Şirket Seçimi 84
-- 4.2. 1. EVA ile Büyüme Stratejisi ve Yatırım Tercihleri 35
-- 4.2.2. EVA ile Değer Stratejisi 87
-- 4.2.3. EVA ile Portföy Çeşitlendirme ve Verimli Piyasalar 89
-- 4.3. Portföy Yönetiminde EVA İle Sektör Seçimi 91
-- 4.3.1. EVA ile Sektörel Bazda Finansal Analiz Çalışmaları 91
-- 4.3.2. EVA ile Sektör Analizine Geleneksel Bakış 93
-- 43.3. EVA ile Nicel Sektör Analizi 94
-- 4.3.3.1. Basit Lineer Modelden EVA İle İlgili Çıkarımlar 94
-- 4.3.3.2. Log-LineerModelden EVA Çıkarımları 95
-- 4.3.3.3. Markowitz Modelinden EVA Çıkarımları 96
-- V. BÖLÜM Türkiye'de İMKB Şirketleri Üzerine Bir Uygulama
-- 5.1. EVA ve MVA Arasındaki İlişki 102
-- 5. 1. 1. Gelecekteki EVA 'kırın Bugünkü Değeri ile MVA Arasındaki İlişki 104
-- 5.2. EVA ile MV Arasındaki İlişki 106
-- 5.2.1. Gelecekteki EVA 'lamı Bugünkü Değeri ile MV Arasındaki İlişki 108
-- 5.3. MV ve MVA Arasındaki İlişki 111
-- 5.4. EVA, MVA, MV ile Geleneksel Performans Ölçütleri Arasındaki İlişki 114
-- 5.4.1. MVA ile Geleneksel Performans Ölçütleri Arasındaki İlişki 114
-- 5.4.2. MV ile Geleneksel Performans Ölçütleri Arasındaki ilişki 117
-- 5.4.3. EVA ile Geleneksel Performans ölçütleri Arasındaki ilişki 120
-- 5.5. EVA, NI, EPS, ROA ve ROE ile Hisse Senedi Getirişi Arasındaki İlişki 123
-- SONUÇ 129
-- KAYNAKÇA ...137
-- EKLER 149
--
Holdings
Materyal Türü Kalıcı Konum Mevcut Konum Raf Yeri Sınıflandırma Kaynağı Edinim Bilgisi Ana Konular Alt Konular Yer Numarası Demirbaş Numarası Fatura Tarihi Geri Çekilme Durumu Kayıp Durumu Hasarlı Durumu Kredi için değil Kayıt Tarih Toplam Ödünçverme Son Görülme Tarihi Son Kontrol Tarihi Genel / Bağış Notu
Book Prof. Dr. Azmi Özcan Kütüphanesi Prof. Dr. Azmi Özcan Kütüphanesi Uluğbey Salonu Library of Congress Classification Bağış SOSYAL BİLİMLER Finans HG4028.V3 K37 2005 0007128 13/08/2010         15/09/2009   05/12/2024 05/12/2024 Genel Bağış
Book Prof. Dr. Azmi Özcan Kütüphanesi Prof. Dr. Azmi Özcan Kütüphanesi Uluğbey Salonu Library of Congress Classification Bağış SOSYAL BİLİMLER Finans HG4028.V3 K37 2005 0061834 02/02/2026         25/01/2018   05/12/2024 05/12/2024 Genel Bağış